00417 a2200121 450000500170000002000220001708200210003910000180006024500840007826000350016230000490019785600490024620250607065405.0 a978-0-07-281906-9 aLECT 658.049 PHA aPHATAK, A. V. aInternational Management: Managing in a Diverse and Dynamic Global Environment. aNew York,bMcGraw Hill,c2005. axxi, 579p.: ill.; figure, tablebIndexc26cm yAccess Online BookfManagementdwww.mhhe.com